[Event "6th Amplico AIG Life"]
[Site "Warsaw POL"]
[Date "2006.12.17"]
[Round "11"]
[White "Muzychuk,A"]
[Black "Wojtaszek,R"]
[Result "1/2-1/2"]
[WhiteElo "2452"]
[BlackElo "2630"]

1.e4 c6 2.d4 d5 3.e5 Bf5 4.Nc3 e6 5.g4 Bg6 6.Nge2 c5 7.Be3 cxd4 8.Nxd4 Bb4
9.Qd2 Nd7 10.f4 Be4 11.Rg1 a6 12.a3 Bxc3 13.Qxc3 Ne7 14.Bd3 Rc8 15.Qd2 Nc5
16.Rd1 O-O 17.b4 Bxd3 18.cxd3 Na4 19.h4 Nc6 20.h5 Qe7 21.g5 Nxd4 22.Bxd4 Rc6
23.Ke2 Rfc8 24.Rc1 Qe8 25.Rxc6 Qxc6 26.h6 g6 27.Rb1 Kf8 28.Kd1 Ke8 29.Rc1 Qxc1+
30.Qxc1 Rxc1+ 31.Kxc1 Kd7 32.Kc2 Kc6 33.Kb3 b5 34.Kc2  1/2-1/2

[Event "6th Amplico AIG Life"]
[Site "Warsaw POL"]
[Date "2006.12.17"]
[Round "12"]
[White "Wojtaszek,R"]
[Black "Zagorskis,D"]
[Result "1-0"]
[WhiteElo "2630"]
[BlackElo "2468"]

1.d4 Nf6 2.c4 e6 3.Nf3 d5 4.Nc3 Be7 5.g3 O-O 6.Bg2 Nbd7 7.O-O dxc4 8.e4 c6
9.a4 a5 10.Qe2 Nb6 11.Rd1 Ne8 12.Bf4 Bb4 13.Ne5 Nd6 14.Na2 f6 15.Nxb4 axb4
16.a5 fxe5 17.dxe5 Nd7 18.exd6 e5 19.Qxc4+ Kh8 20.Be3 Rxa5 21.Qxb4  1-0

[Event "6th Amplico AIG Life"]
[Site "Warsaw POL"]
[Date "2006.12.17"]
[Round "13"]
[White "Wojtaszek,R"]
[Black "Gdanski,J"]
[Result "1-0"]
[WhiteElo "2630"]
[BlackElo "2532"]

1.Nf3 c5 2.c4 Nf6 3.g3 d6 4.Bg2 Nc6 5.O-O g6 6.d4 cxd4 7.Nxd4 Bd7 8.b3 Bg7
9.Bb2 O-O 10.Nc3 Nxd4 11.Qxd4 Bc6 12.Nd5 Bxd5 13.Bxd5 Ne8 14.Qd2 Bxb2 15.Qxb2 Qc7
16.Rfd1 Nf6 17.Bf3 Rac8 18.Rac1 b6 19.Kg2 a5 20.Qd2 Kg7 21.Rc3 Qc5 22.Re3 Rc7
23.Qb2 b5 24.Rd5 Qa7 25.Rxb5 Rb8 26.a4 Kg8 27.Qc3 Rxb5 28.axb5 d5 29.Qe5 dxc4
30.bxc4 Rxc4 31.Qxe7 Qxe7 32.Rxe7 Rb4 33.Bc6 a4 34.Ra7 Ne4 35.b6 Nd6 36.b7 Kg7
37.e4 a3 38.e5 Nc4 39.Ra8 Nxe5 40.b8=Q Rxb8 41.Rxb8 Nxc6 42.Ra8 h5 43.Rxa3 Ne5
44.Ra5 Kf6 45.Ra6+ Kg7 46.Ra4 Kf6 47.h3 Kg7 48.Kf1 Nf3 49.Ra3 Ng5 50.h4 Ne6
51.Ke2 Nd4+ 52.Kd3 Nf5 53.Ra6 Nh6 54.Ra5 Kf6 55.Ke4 Ng4 56.Kf3 Ne5+ 57.Ke2 Nd7
58.Ra3 Ne5 59.Ra4 Kg7 60.Rf4 Nd7 61.Kd3 Nc5+ 62.Ke3 Ne6 63.Rf3 f5 64.Kd2 Kf6
65.Ra3 f4 66.Ke2 Nd4+ 67.Kd3 Nf5 68.Ke4 fxg3 69.fxg3 Kg7 70.Ke5 Kh6 71.Rf3 Ne7
72.Ke6 Nc6 73.Rf4 Nd8+ 74.Kd7 Nb7 75.Rc4  1-0

[Event "Kalamaria Open"]
[Site "Thessaloniki GRE"]
[Date "2007.08.26"]
[Round "2"]
[White "Pambalos,P"]
[Black "Wojtaszek,R"]
[Result "0-1"]
[WhiteElo "2054"]
[BlackElo "2637"]

1.e4 c6 2.d4 d5 3.Nc3 dxe4 4.Nxe4 Nf6 5.Nxf6+ gxf6 6.Nf3 Bg4 7.Be3 e6 8.Be2 Nd7
9.Qd2 Bd6 10.O-O-O b5 11.Rhe1 Nb6 12.h3 Bh5 13.g4 Bg6 14.Nh4 Nd5 15.Nxg6 hxg6
16.Bf3 Qc7 17.Bxd5 cxd5 18.Qe2 b4 19.h4 a5 20.Qb5+ Ke7 21.h5 g5 22.Qa4 Rhc8
23.Re2 Qa7 24.Rd3 Rab8 25.Kd1 Rc4 26.b3 Rc7 27.Ke1 Kf8 28.Kf1 Kg7 29.Kg2 Qa6
30.Rdd2 Kh6 31.f3 Rg8 32.Rf2 f5 33.Rde2 Bf4 34.a3 Qd6 35.Qxa5 Rc3 36.Bxf4 gxf4
37.Qxb4 Qc7 38.Kf1 Rb8 39.Qa4 fxg4 40.fxg4 Rh3 41.g5+ Kg7 42.h6+ Kh8 43.Rh2 f3
44.Rxh3 fxe2+ 45.Kf2 Qxc2 46.Re3 Rc8 47.Qa6 e1=Q+ 48.Kxe1 Qc1+ 49.Kf2 Rc2+
50.Re2 Qf4+ 51.Kg2 Qxg5+ 52.Kf2 Qf4+ 53.Kg2 Rc3 54.Kg1 Rc1+ 55.Kg2 Qf1+ 56.Kg3 Rc3+
57.Kg4 Qf5+  0-1

[Event "Kalamaria Open"]
[Site "Thessaloniki GRE"]
[Date "2007.08.29"]
[Round "6"]
[White "Papadopoulos,I"]
[Black "Wojtaszek,R"]
[Result "0-1"]
[WhiteElo "2395"]
[BlackElo "2637"]

1.e4 c5 2.Nf3 d6 3.d4 cxd4 4.Nxd4 Nf6 5.Nc3 a6 6.Be3 e6 7.f3 b5 8.g4 b4 9.Nce2 h6
10.Qd2 e5 11.Nf5 d5 12.exd5 Qxd5 13.Qxd5 Nxd5 14.Bf2 Bb7 15.Bg2 g6 16.Ne3 Nxe3
17.Bxe3 Nd7 18.Rg1 Bc5 19.Bxc5 Nxc5 20.f4 e4 21.O-O-O h5 22.g5 Rd8 23.Rxd8+ Kxd8
24.h4 Kc7 25.f5 Bc8 26.fxg6 fxg6 27.Kd2 Bf5 28.Ng3 Kd6 29.Ke3 Ke5 30.Rd1 Rc8
31.Rd4 a5 32.Rc4 Be6 33.Rd4 Bxa2 34.Bxe4 Bf7 35.b3 Nxe4 36.Rxe4+ Kd6 37.Kd2 Bd5
38.Rf4 Ke5 39.Rf6 Rc6 40.Rf8 Be6 41.Rf6 Bd7 42.Rf7 Bg4 43.Ne2 Bxe2 44.Re7+ Kf5
45.Rxe2 Rd6+ 46.Ke1 Rd4 47.Rf2+ Kg4 48.Rf6 Kxh4 49.Rxg6 Rg4 50.Kf2 Rxg5 51.Rc6 Kh3
52.Kf1 h4 53.Rc4 Kg3 54.Rd4 Rf5+ 55.Ke1 h3 56.Rd3+ Rf3  0-1

[Event "Kalamaria Open"]
[Site "Thessaloniki GRE"]
[Date "2007.08.30"]
[Round "7"]
[White "Wojtaszek,R"]
[Black "Timoshenko,G"]
[Result "1/2-1/2"]
[WhiteElo "2637"]
[BlackElo "2559"]

1.d4 Nf6 2.c4 g6 3.Nc3 Bg7 4.e4 d6 5.f3 O-O 6.Nge2 c5 7.d5 e6 8.Ng3 a6 9.a4 exd5
10.cxd5 h5 11.Bg5 Qb6 12.Qd2 Nh7 13.a5 Qc7 14.Bh4 Nd7 15.Be2 Bd4 16.Nf1 Re8
17.Bf2 Bxf2+ 18.Kxf2 Qd8 19.Ne3 Qh4+ 20.g3 Qe7 21.f4 b5 22.axb6 Nxb6 23.Bf3 Rb8
24.Rhe1 Qf6 25.Rad1 a5 26.e5 dxe5 27.Ne4 Qd8 28.fxe5 Rxe5 29.Qc3 Re8 30.Nxc5 Ng5
31.Bg2 Bh3 32.Bxh3 Nxh3+ 33.Kg2 Ng5 34.h4 Ne4 35.Nxe4 Rxe4 36.Qd3 Rb4 37.Rd2 Qd6
38.Ree2 a4 39.Rc2 Rd8 40.Red2 Rb3 41.Rc3 Rb4 42.Rcc2 Rb3 43.Rc3  1/2-1/2

[Event "IV Open"]
[Site "Calvia ESP"]
[Date "2007.10.23"]
[Round "9"]
[White "Wojtaszek,R"]
[Black "Karlsson,L"]
[Result "1-0"]
[WhiteElo "2635"]
[BlackElo "2485"]

1.d4 f5 2.g3 Nf6 3.Bg2 e6 4.c4 Bb4+ 5.Nd2 O-O 6.Nf3 d6 7.O-O Bxd2 8.Bxd2 Qe7
9.c5 a5 10.Rc1 Nc6 11.Bg5 d5 12.Ne5 Qe8 13.Bf4 Nh5 14.Qd2 Nxf4 15.Qxf4 Ne7
16.c6 bxc6 17.Rc5 a4 18.Rfc1 Bb7 19.Qd2 Ra6 20.Qc3 Qd8 21.Qb4 Rb6 22.Qxa4 Rxb2
23.Qa3 Rb6 24.Ra5 Ng6 25.Nd3 f4 26.Nc5 Bc8 27.e3 fxg3 28.fxg3 e5 29.Ra8 e4
30.Ne6 Bxe6 31.Rxd8 Rxd8 32.Bf1 Rdb8 33.Qc3 Bd7 34.Qc5 Nf8 35.a4 Rb2 36.a5 h6
37.h4 Nh7 38.a6 Nf6 39.Qa3 R8b3 40.Qa1 Ng4 41.a7 Nh2 42.a8=Q+ Kh7 43.Q8a2 Nf3+
44.Kh1 Rxa2 45.Qxa2 Rxe3 46.Qb2 Bg4 47.Rxc6 Re1 48.Rc1 Rxc1 49.Qxc1 Nxd4
50.Qxc7 Nf5 51.Qf4 h5 52.Kg2 Bf3+ 53.Kf2 Nh6 54.Ke3 Ng4+ 55.Kd4 Nf6 56.Bh3 Bg4
57.Bxg4 hxg4 58.Ke5  1-0

[Event "7th Amplico AIG Life"]
[Site "Warsaw POL"]
[Date "2007.12.15"]
[Round "1"]
[White "Wolski,Ja"]
[Black "Wojtaszek,R"]
[Result "0-1"]
[WhiteElo "1900"]
[BlackElo "2635"]

1.e4 c5 2.Nf3 d6 3.d4 cxd4 4.Nxd4 Nf6 5.Nc3 a6 6.Be2 e6 7.a4 Qc7 8.O-O b6
9.f4 Bb7 10.Bf3 Nbd7 11.Kh1 g6 12.Qe1 e5 13.Nb3 Bg7 14.Be3 exf4 15.Bxf4 O-O
16.Qd2 Ne5 17.Bxe5 dxe5 18.Rac1 Rad8 19.Qf2 Bc6 20.Qe2 Qb7 21.Nd2 b5 22.axb5 axb5
23.Nb3 Qb6 24.h3 h5 25.Rcd1 b4 26.Nd5 Nxd5 27.exd5 Bb5 28.Qf2 Qxf2 29.Rxf2 f5
30.Be2 Bxe2 31.Rxe2 Rd6 32.c4 bxc3 33.bxc3 Rc8 34.Rc2 Rc4 35.Kg1 e4 36.Kf1 Kf7
37.Ke2 Rxc3 38.Rxc3 Bxc3 39.Rc1 Be5 40.Rc7+ Kf6 41.Rc5 Rb6 42.Nd2 Bd6 43.Ra5 Bb4
44.Ra8 Bxd2 45.Kxd2 Rd6 46.Ra5 Ke5 47.g4 Rxd5+  0-1

[Event "7th Amplico AIG Life"]
[Site "Warsaw POL"]
[Date "2007.12.15"]
[Round "2"]
[White "Wojtaszek,R"]
[Black "Wieczorek,O"]
[Result "1-0"]
[WhiteElo "2635"]
[BlackElo "2185"]

1.d4 Nf6 2.c4 c5 3.Nf3 cxd4 4.Nxd4 e5 5.Nb5 d5 6.cxd5 Bc5 7.N5c3 O-O 8.h3 e4
9.g4 e3 10.Bxe3 Bxe3 11.fxe3 Qd6 12.Qd4 Re8 13.Nd2 Qg3+ 14.Kd1 Qxe3 15.Qxe3 Rxe3
16.Nc4 Re8 17.Bg2 Nbd7 18.Kc2 Ne5 19.Nxe5 Rxe5 20.Rad1 h5 21.gxh5 Bf5+ 22.Kb3 b5
23.Rd4 a5 24.a3 Rb8 25.h6 b4 26.axb4 axb4 27.Rxb4 Bc2+ 28.Kc4 Rc8+ 29.Kd4 Rg5
30.Bf3 Nh5 31.Rc1 Bg6 32.hxg7 Nxg7 33.Ke3 Nf5+ 34.Kf2 Nd6 35.h4 Re5 36.Rg1 Kf8
37.Rg5 Rxg5 38.hxg5 Rc7 39.e4 Nc4 40.Nb5 Rc5 41.Be2 Ne5 42.Nc3 Rc7 43.Ke3 Ke7
44.Kd4 Nd7 45.d6+  1-0

[Event "7th Amplico AIG Life"]
[Site "Warsaw POL"]
[Date "2007.12.15"]
[Round "3"]
[White "Kuraszkiewicz,M"]
[Black "Wojtaszek,R"]
[Result "0-1"]
[WhiteElo "2339"]
[BlackElo "2635"]

1.d4 Nf6 2.c4 e6 3.Nf3 c5 4.d5 b5 5.dxe6 fxe6 6.cxb5 d5 7.g3 a6 8.bxa6 Bd6
9.Bg2 O-O 10.O-O Nc6 11.Nbd2 Bxa6 12.Re1 Qe8 13.b3 Qh5 14.Bb2 Ng4 15.h3 Nxf2
16.Kxf2 Nd4 17.Bxd4 cxd4 18.Nf1 e5 19.Kg1 Bb4 20.Rc1 Qf5 21.Kh2 Qf6 22.Qc2 e4
23.N3d2 Qe5 24.Qc6 Bc3 25.e3 Rfc8 26.exd4 Bxd4 27.Qd7 Rd8 28.Qc7 Qf6 29.Nxe4 dxe4
30.Ne3 Bxe3  0-1

[Event "7th Amplico AIG Life"]
[Site "Warsaw POL"]
[Date "2007.12.15"]
[Round "4"]
[White "Wojtaszek,R"]
[Black "Socko,M"]
[Result "1-0"]
[WhiteElo "2635"]
[BlackElo "2473"]

1.d4 Nf6 2.c4 e6 3.Nf3 Bb4+ 4.Nbd2 b6 5.a3 Bxd2+ 6.Bxd2 Bb7 7.Bg5 d6 8.e3 Nbd7
9.Bd3 h6 10.Bh4 g5 11.Bg3 h5 12.h4 g4 13.Ng5 Bxg2 14.Rg1 Bb7 15.Qc2 Qe7 16.O-O-O O-O-O
17.Kb1 e5 18.Bf5 Kb8 19.Ka1 Rhe8 20.b4 Ka8 21.a4 c5 22.dxc5 dxc5 23.b5 Nf8
24.Qc3 e4 25.a5 bxa5 26.Qxa5 N6d7 27.Ka2 Nb6 28.Kb3 Nxc4 29.Kxc4 f6 30.Rxd8+ Rxd8
31.Qc7 Nd7 32.Ne6 Nb6+ 33.Kb3 Rd3+ 34.Kc2 Rc3+ 35.Kxc3 Nd5+ 36.Kb2  1-0

[Event "7th Amplico AIG Life"]
[Site "Warsaw POL"]
[Date "2007.12.16"]
[Round "9"]
[White "Bobula,M"]
[Black "Wojtaszek,R"]
[Result "0-1"]
[WhiteElo "2423"]
[BlackElo "2635"]

1.d4 Nf6 2.c4 e6 3.Nf3 c5 4.d5 b5 5.Bg5 Qa5+ 6.Nbd2 bxc4 7.Bxf6 gxf6 8.e4 Rg8
9.Qc2 Na6 10.dxe6 fxe6 11.e5 f5 12.Qc3 Qxc3 13.bxc3 Nc7 14.Nxc4 Nd5 15.Kd2 Rb8
16.g3 Bb7 17.Be2 Bh6+ 18.Kc2 Bc6 19.a4 Ke7 20.Rhb1 Rxb1 21.Rxb1 Bxa4+ 22.Kd3 Bc6
23.Nfd2 Bxd2 24.Kxd2 Nb6 25.Nxb6 axb6 26.Rxb6 Ra8 27.Ra6 Rb8 28.Bd3 Rb2+
29.Ke3 Bd5 30.Ra4 Rb3 31.Kd2 Kf8 32.c4 Bc6 33.Ra5 Rb2+ 34.Ke3 Rb3 35.Ke2 Rb2+
36.Ke1 h6 37.Rxc5 Ra2 38.Bxf5 exf5 39.e6 Ke7 40.exd7 Bxd7 41.Kf1 Rc2 42.Kg2 Be6
43.Rc7+ Kf6 44.c5 Bd5+ 45.Kh3 Rxf2 46.Rd7 Be6 47.Rd6 f4+ 48.g4 h5  0-1

[Event "7th Amplico AIG Life"]
[Site "Warsaw POL"]
[Date "2007.12.16"]
[Round "11"]
[White "Vysochin,S"]
[Black "Wojtaszek,R"]
[Result "1-0"]
[WhiteElo "2524"]
[BlackElo "2635"]

1.e4 c6 2.d4 d5 3.e5 Bf5 4.Nf3 e6 5.Be2 Nd7 6.O-O Bg6 7.c3 Nh6 8.Nbd2 Be7
9.Ne1 c5 10.Ndf3 Nf5 11.Nd3 cxd4 12.cxd4 Nh4 13.Nfe1 h6 14.g3 Nf5 15.Nf4 Bh7
16.Bh5 O-O 17.Be2 Qb6 18.Nf3 Nb8 19.b3 Nc6 20.Bb2 a5 21.a3 g5 22.Nh5 g4 23.Nd2 Bg6
24.Bxg4 Ncxd4 25.Nf6+ Bxf6 26.exf6 Rac8 27.Nf3 Nc2 28.Bxf5 exf5 29.Qd2 Kh7
30.Bc1 Qxf6 31.Qxh6+ Kg8 32.Ra2 Qh8 33.Qd2 f4 34.Qxf4 d4 35.Ne5 Rfd8 36.Ng4 Rc6
37.Qg5 Re8 38.Bf4 Qh5 39.Nf6+ Rxf6 40.Qxf6 d3 41.Bd2 Qe5 42.Qxe5 Rxe5 43.Rb2 b6
44.Be3 Nxa3 45.Bxb6 Rb5 46.Bd4 Nc2 47.Bc3 Rc5 48.Bd2 Nd4 49.Be3 Ne2+ 50.Kg2 Rb5
51.Ra1 Be4+ 52.f3 Bd5 53.Rba2 Rxb3 54.Rxa5 Be6 55.Rd1 Bc4 56.Rc5 Ba6 57.Rd2 Nc3
58.Rc6 Bb5 59.Rc8+ Kh7 60.Rb8 Nb1 61.Rd1 Na3 62.Bc5 Rb2+ 63.Kg1 Nc2 64.Rxd3 Ne1
65.Re3 Rb1 66.Kf2 Nd3+ 67.Rxd3 Bxd3 68.Rd8 Rb2+ 69.Ke3 Bc4 70.h4 Rb3+ 71.Kf4 Be2
72.Be3 Rb4+ 73.Bd4 f6 74.Rd7+ Kh6 75.Rd6 Kh7 76.Ke3 Bd1 77.Bc3 Rb3 78.Rxd1 Rxc3+
79.Rd3 Rc4 80.Rd4 Rc5 81.Kf4 Kg6 82.g4 Rb5 83.Rd6 Rb4+ 84.Kg3 Kg7 85.g5  1-0

[Event "37th Rilton Cup"]
[Site "Stockholm SWE"]
[Date "2007.12.28"]
[Round "2"]
[White "Furhoff,J"]
[Black "Wojtaszek,R"]
[Result "0-1"]
[WhiteElo "2392"]
[BlackElo "2635"]

1.e4 c5 2.Nc3 Nc6 3.f4 g6 4.Nf3 Bg7 5.Be2 d6 6.d3 e6 7.Be3 Nd4 8.e5 Ne7 9.Ne4 Nef5
10.Bf2 dxe5 11.fxe5 O-O 12.c3 Nxf3+ 13.Bxf3 Bxe5 14.Bxc5 Re8 15.g4 b6 16.Bf2 Ba6
17.d4 Bg7 18.h4 Rc8 19.Qd2 Nd6 20.O-O-O Nc4 21.Qf4 Bb7 22.h5 e5 23.dxe5 Bxe5
24.Qh6 Bg7 25.Qf4 Qc7 26.Qxc7 Rxc7 27.Rhe1 Kf8 28.Kc2 Rce7 29.h6 Bxh6 30.Rd4 Ne5
31.Bh1 Nxg4 32.Bh4 Re6  0-1

[Event "37th Rilton Cup"]
[Site "Stockholm SWE"]
[Date "2007.12.29"]
[Round "3"]
[White "Wojtaszek,R"]
[Black "Szabo,Krisz1"]
[Result "1-0"]
[WhiteElo "2635"]
[BlackElo "2492"]

1.c4 e6 2.Nc3 d5 3.d4 c6 4.e4 dxe4 5.Nxe4 Bb4+ 6.Bd2 Qxd4 7.Bxb4 Qxe4+ 8.Ne2 Na6
9.Bc3 Ne7 10.Bxg7 Nb4 11.Bxh8 e5 12.Qd6 Nc2+ 13.Kd2 Nxa1 14.f3 Qc2+ 15.Ke1 Qb1+
16.Kf2 Nc2 17.Bf6 Qe1+ 18.Kg1 Qb4 19.Bxe7  1-0

[Event "IX EICC"]
[Site "Plovdiv BUL"]
[Date "2008.04.21"]
[Round "1"]
[White "Margvelashvili,G"]
[Black "Wojtaszek,R"]
[Result "1/2-1/2"]
[WhiteElo "2455"]
[BlackElo "2625"]

1.Nf3 Nf6 2.c4 c5 3.g3 b6 4.Bg2 Bb7 5.Nc3 g6 6.b3 Bg7 7.Bb2 O-O 8.O-O d6
9.d4 cxd4 10.Qxd4 Nbd7 11.Rfd1 Rc8 12.Rac1 Rc5 13.Ne1 Bxg2 14.Nxg2 Nd5 15.Qd2 Nxc3
16.Bxc3 Bxc3 17.Rxc3 Nf6 18.Rd3 b5 19.cxb5 Rxb5 20.Nf4 Qb6 21.Nd5 Nxd5 22.Rxd5 Rxd5
23.Qxd5 Rc8 24.Qe4 Rc7 25.Rd2 e6 26.Rc2 d5 27.Qd3 Rxc2  1/2-1/2

[Event "IX EICC"]
[Site "Plovdiv BUL"]
[Date "2008.04.23"]
[Round "3"]
[White "Vavrak,P"]
[Black "Wojtaszek,R"]
[Result "0-1"]
[WhiteElo "2466"]
[BlackElo "2625"]

1.d4 Nf6 2.c4 g6 3.Nf3 Bg7 4.g3 O-O 5.Bg2 d6 6.O-O Nbd7 7.Nc3 e5 8.e4 a6
9.dxe5 dxe5 10.Qc2 c6 11.Rd1 Qe7 12.a3 b5 13.b4 bxc4 14.Nd2 Nb6 15.a4 Bg4
16.f3 Be6 17.a5 Nbd5 18.exd5 cxd5 19.Na4 Bf5 20.Qa2 Qxb4 21.Nb6 Rad8 22.Ba3 Qxa5
23.Nbxc4 dxc4 24.Nxc4 Rxd1+ 25.Rxd1 Qa4 26.Nb2 Qc2 27.Bxf8 Bxf8 28.g4 Bxg4
29.fxg4 Bc5+ 30.Kh1 Ne4  0-1

[Event "IX EICC"]
[Site "Plovdiv BUL"]
[Date "2008.04.26"]
[Round "6"]
[White "Wojtaszek,R"]
[Black "Zhigalko,A"]
[Result "1/2-1/2"]
[WhiteElo "2625"]
[BlackElo "2545"]

1.Nf3 Nf6 2.c4 c5 3.d4 cxd4 4.Nxd4 e6 5.Nc3 Bb4 6.g3 O-O 7.Bg2 d5 8.cxd5 Nxd5
9.Qb3 Na6 10.O-O Nxc3 11.bxc3 Bc5 12.Nc2 Be7 13.Be3 Nc5 14.Qc4 Qc7 15.Rab1 a6
16.a4 Rb8 17.Nb4 Bd7 18.Bf4 Bd6 19.Nd3 Bxf4 20.Qxc5 b6 21.Qxc7 Bxc7 22.Nb4 Be5
23.Bc6 Bc8 24.Rfc1 a5 25.Nd3 Bd6 26.c4 Ba6 27.Bb5 Bb7 28.c5 Bxc5 29.Nxc5 bxc5
30.Rxc5 Rfc8 31.Rxc8+ Rxc8 32.Bd7 Be4 33.Ra1 Rc2 34.Bb5 g5 35.f3 Bd5 36.Bd3 Rc3
37.Kf2 Bc4 38.Rb1 Bxd3 39.exd3 Ra3 40.Rb5 Rxa4 41.Rxg5+ Kf8  1/2-1/2

[Event "43rd Capablanca Memorial"]
[Site "Havana CUB"]
[Date "2008.05.15"]
[Round "7"]
[White "Wojtaszek,R"]
[Black "Hernandez Carmenates,Hold"]
[Result "1/2-1/2"]
[WhiteElo "2625"]
[BlackElo "2568"]

1.d4 Nf6 2.c4 e6 3.Nf3 b6 4.g3 Bb7 5.Bg2 Be7 6.O-O O-O 7.d5 exd5 8.Nh4 c6
9.cxd5 Nxd5 10.Nf5 Bf6 11.Re1 Ne7 12.Nd6 Ba6 13.Nc3 Be5 14.Bf4 Bxf4 15.gxf4 Ng6
16.e3 Nh4 17.Bh3 c5 18.Nd5 Nc6 19.f5 Ne5 20.f4 Nhf3+ 21.Kh1 Qh4 22.fxe5 Qxh3
23.Qc2 Nxe5 24.Nc7 Bd3 25.Qf2 Rab8 26.Rg1 Nc4 27.Nxc4 Bxc4 28.Qf4 Bd3 29.Rxg7+ Kh8
30.Rag1 f6 31.R7g4 Rg8 32.Ne6 dxe6 33.fxe6 Bg6 34.Qxf6+ Rg7 35.Rxg6 hxg6
36.Rxg6 Rb7 37.Rh6+ Qxh6 38.Qxh6+ Kg8 39.Qf6 Rb8 40.e7 Re8 41.Qe6+ Kh8 42.Qh6+ Kg8  1/2-1/2

[Event "DMP Ekstraliga"]
[Site "Karpacz POL"]
[Date "2008.09.07"]
[Round "2"]
[White "Wojtaszek,R"]
[Black "Navara,D"]
[Result "1/2-1/2"]
[WhiteElo "2593"]
[BlackElo "2646"]

1.d4 d5 2.c4 c6 3.Nf3 Nf6 4.Nc3 dxc4 5.a4 Bf5 6.Ne5 Nbd7 7.Nxc4 Nb6 8.Ne5 a5
9.g3 e6 10.Bg2 Bb4 11.O-O O-O 12.e3 h6 13.Qe2 Bh7 14.Rd1 Nfd7 15.Nd3 Qe7
16.e4 e5 17.dxe5 Nxe5 18.Nxe5 Qxe5 19.Be3 Bc5 20.Rac1 Bxe3 21.Qxe3 Nc4 22.Qd4 Qxd4
23.Rxd4 Nb6 24.b4 Rfd8 25.Rcd1 Rxd4 26.Rxd4 Kf8 27.bxa5 Rxa5 28.Rb4 Rc5 29.Ne2 Rc2
30.Bf1 Nd7 31.Rxb7 Ne5 32.Nd4 Rd2 33.Nf5 Bxf5 34.exf5 Nf3+ 35.Kg2 Ne1+ 36.Kg1 Nf3+
37.Kg2 Ne1+ 38.Kh3 Rxf2 39.Bc4 Nf3 40.g4 Ng5+ 41.Kg3 Ne4+ 42.Kh3 Ng5+ 43.Kg3 Rf3+
44.Kg2 Rf4 45.a5 Rxg4+ 46.Kf1 Rxc4 47.a6 Rf4+ 48.Kg2 Rxf5 49.a7 Ra5 50.Rb8+ Ke7
51.a8=Q Rxa8 52.Rxa8 c5 53.Ra7+ Ke6 54.h4 Ne4 55.Rc7 h5 56.Kf3 Nd2+ 57.Kf4 Nb3
58.Ke4 g6 59.Rc6+ Kd7 60.Kd5 Nd4 61.Rxc5 Nf3 62.Rc4 Ke7 63.Re4+  1/2-1/2

[Event "DMP Ekstraliga"]
[Site "Karpacz POL"]
[Date "2008.09.08"]
[Round "3"]
[White "Jasnikowski,Z"]
[Black "Wojtaszek,R"]
[Result "0-1"]
[WhiteElo "2403"]
[BlackElo "2593"]

1.d4 g6 2.Nf3 Bg7 3.c4 c5 4.d5 d6 5.e4 e6 6.Bd3 exd5 7.cxd5 Ne7 8.Nc3 a6
9.a4 Bg4 10.h3 Bxf3 11.Qxf3 Nd7 12.Qd1 O-O 13.g4 Qc7 14.O-O c4 15.Bc2 Nc5
16.Be3 b5 17.axb5 axb5 18.Nxb5 Qb6 19.Nd4 Qxb2 20.Rxa8 Rxa8 21.Nc6 Nxc6 22.dxc6 Ne6
23.Qb1 c3 24.Rd1 Be5 25.Kg2 Ra6 26.c7 Rc6 27.Bb6 Nxc7 28.Bxc7 Rxc7  0-1

[Event "DMP Ekstraliga"]
[Site "Karpacz POL"]
[Date "2008.09.10"]
[Round "5"]
[White "Tazbir,M"]
[Black "Wojtaszek,R"]
[Result "1/2-1/2"]
[WhiteElo "2444"]
[BlackElo "2593"]

1.c4 Nf6 2.g3 c6 3.Bg2 d5 4.Nf3 Bf5 5.O-O e6 6.b3 Nbd7 7.d3 h6 8.Qd2 a5 9.Ba3 Bxa3
10.Nxa3 O-O 11.Qb2 Qb6 12.Nc2 dxc4 13.dxc4 Nc5 14.Ncd4 Bh7 15.Rad1 Rfd8 16.h3 Nfe4
17.Qc1 a4 18.Qe3 axb3 19.axb3 Rd6 20.Nd2 Nf6 21.Ra1 Rad8 22.N4f3 Qb4 23.Ra2 Nfe4
24.Nxe4 Bxe4 25.Rfa1 Bg6 26.Kh2 b6 27.Ne5 Qxb3 28.Qf4 Rd4 29.Ra8 Qc3 30.Rxd8+ Rxd8
31.Nxc6 Qxa1 32.Nxd8 e5 33.Qg4 Qd4 34.Qc8 Kh7 35.Nc6 Qxf2 36.Ne7 h5 37.Qg8+ Kh6
38.Qh8+ Bh7 39.Ng8+ Kg6 40.Ne7+ Kh6  1/2-1/2

[Event "DMP Ekstraliga"]
[Site "Karpacz POL"]
[Date "2008.09.11"]
[Round "6"]
[White "Koziak,V"]
[Black "Wojtaszek,R"]
[Result "0-1"]
[WhiteElo "2489"]
[BlackElo "2593"]

1.d4 Nf6 2.c4 g6 3.Nc3 Bg7 4.e4 d6 5.Nf3 O-O 6.Be2 Nbd7 7.e5 dxe5 8.dxe5 Ng4
9.e6 fxe6 10.O-O Nde5 11.Nd2 Nh6 12.c5 Nf5 13.Nc4 Nc6 14.Bf3 Ncd4 15.Be4 e5
16.Re1 c6 17.Rb1 Be6 18.Ne3 Qe8 19.b4 a6 20.Rb2 Qf7 21.Bd2 Rad8 22.Qb1 Nb5
23.Ncd1 Nc7 24.Nf1 Nd5 25.Bc1 Nf4 26.Nde3 Nd4 27.f3 Nd5 28.Bd2 Nf6 29.Ng3 Rd7
30.Bc1 Nd5 31.Bd2 Nf4 32.Bc1 Rfd8 33.Rf2 Nb5 34.Qc2 h5 35.Ngf1 Nd3 36.Bxd3 Rxd3
37.Ng3 Bf6 38.Ne4 Nd4 39.Qb1 Nf5 40.Nxf5 Bxf5 41.Qb2 Qd5 42.Bg5 Kg7 43.Bxf6+ exf6
44.Nd6 Rd4 45.a3 b5 46.Qa2 Qxa2 47.Rxa2 Be6 48.Raa1 Ra8 49.Rad1 Rd5 50.Rxd5 Bxd5
51.Ra1 a5 52.Rd1 axb4 53.axb4 Be6 54.Ne4 f5 55.Rd6 Bc4 56.Ng5 Ra1+ 57.Kf2 f4
58.g3 Ra2+ 59.Kg1 fxg3 60.hxg3 Bd5 61.Ne6+ Bxe6 62.Rxe6 Rb2 63.Rxc6 Rxb4
64.Re6 Rc4 65.Rxe5 Kf6 66.Rd5 b4 67.Rd6+ Ke5 68.Rxg6 Kd4 69.g4 hxg4 70.fxg4 Kc3
71.Kf2 b3 72.Re6 b2  0-1

[Event "8th Amplico AIG Life Rapid"]
[Site "Warsaw POL"]
[Date "2008.12.20"]
[Round "1"]
[White "Adamowicz,M"]
[Black "Wojtaszek,R"]
[Result "0-1"]
[WhiteElo "1836"]
[BlackElo "2599"]

1.e4 c5 2.Nf3 d6 3.d4 cxd4 4.Nxd4 Nf6 5.Nc3 a6 6.Be2 e6 7.O-O b5 8.a3 Bb7
9.Bd3 Be7 10.Be3 Nbd7 11.f4 O-O 12.Qf3 Rc8 13.Kh1 Rxc3 14.bxc3 Nc5 15.Qh3 Nfxe4
16.c4 bxc4 17.Bxc4 Bf6 18.Rab1 Ba8 19.Rb4 a5 20.Rb5 Nc3 21.Rb2 Nd5 22.Bg1 g6
23.Rb5 Bg7 24.Nxe6 fxe6 25.Bxc5 dxc5 26.Qxe6+ Kh8 27.Rd1 Re8 28.Qa6 Qe7 29.Rxa5 Nc7
30.Qd6 Qxd6  0-1

[Event "8th Amplico AIG Life Rapid"]
[Site "Warsaw POL"]
[Date "2008.12.20"]
[Round "2"]
[White "Wojtaszek,R"]
[Black "Stangl,A"]
[Result "1-0"]
[WhiteElo "2599"]
[BlackElo "2146"]

1.d4 e6 2.Nf3 d5 3.c4 c6 4.g3 dxc4 5.Bg2 Nf6 6.O-O Be7 7.Ne5 O-O 8.Nxc4 Nbd7
9.Nc3 Re8 10.b3 Bb4 11.Bb2 Qc7 12.Rc1 Rb8 13.e4 e5 14.d5 Nc5 15.Qe2 b5 16.Ne3 Bxc3
17.Bxc3 Ncxe4 18.dxc6 b4 19.Bb2 Rb6 20.Bxe4 Ba6 21.Bd3 Bxd3 22.Qxd3 Rxc6
23.Rxc6 Qxc6 24.Qc4 Qf3 25.Qc2 g6 26.Qd1 Qe4 27.Qe2 h5 28.Rc1 h4 29.Qc4 Qf3
30.Qxh4 Ne4 31.Rf1 Nd2 32.Re1 Qc6 33.Qh6 Nf3+ 34.Kf1 Nxe1 35.Kxe1 Qh1+ 36.Nf1 Qe4+
37.Qe3 Qb1+ 38.Qc1 Qe4+ 39.Ne3 Qh1+ 40.Ke2 Qxh2 41.Qc6 Rd8 42.Qc5 f6 43.Qc4+ Kf8
44.Qxb4+ Kg8 45.Qc4+ Kh8 46.Ba3 Qh5+ 47.g4 Qg5 48.Be7 Rd4 49.Qf7 Rf4 50.Bf8  1-0

[Event "8th Amplico AIG Life Rapid"]
[Site "Warsaw POL"]
[Date "2008.12.20"]
[Round "4"]
[White "Wojtaszek,R"]
[Black "Kuzmicz,K"]
[Result "1-0"]
[WhiteElo "2599"]
[BlackElo "2408"]

1.d4 g6 2.c4 Bg7 3.e4 c6 4.Nc3 d5 5.e5 Nh6 6.h3 O-O 7.Nf3 Kh8 8.Be2 dxc4
9.Bxc4 Nd7 10.O-O Nb6 11.Bb3 f6 12.Bf4 Nd5 13.Nxd5 cxd5 14.exf6 exf6 15.Qd2 Nf5
16.Rfe1 Ne7 17.Qb4 Rf7 18.Rac1 Nc6 19.Qb5 Rd7 20.Re3 a6 21.Qe2 Re7 22.Rxe7 Nxe7
23.Rc7 Nc6 24.g4 g5 25.Bg3 h5 26.Qd3 Ne7 27.Bc2 Kg8 28.Qh7+ Kf8  1-0

[Event "8th Amplico AIG Life Rapid"]
[Site "Warsaw POL"]
[Date "2008.12.20"]
[Round "6"]
[White "Wojtaszek,R"]
[Black "Muzychuk,A"]
[Result "1-0"]
[WhiteElo "2599"]
[BlackElo "2508"]

1.Nf3 f5 2.d4 Nf6 3.g3 g6 4.Bg2 Bg7 5.O-O O-O 6.b4 Nc6 7.c3 Ne4 8.a4 d6 9.Ba3 e6
10.b5 Na5 11.Bb4 c5 12.bxc6 Nxc6 13.Ba3 Rf7 14.c4 b6 15.e3 Ba6 16.Nbd2 Na5
17.Rc1 d5 18.cxd5 exd5 19.Re1 Rc8 20.Bb4 Nc4 21.Nxc4 Rxc4 22.Rxc4 Bxc4 23.Ne5 Rc7
24.Nxc4 Rxc4 25.Qb3 h5 26.Bf1 Rc7 27.a5 Kh7 28.axb6 axb6 29.f3 Nf6 30.Bd2 Rc6
31.Ra1 h4 32.Kg2 Qc7 33.Bd3 Nh5 34.Be1 Rc1 35.Rxc1 Qxc1 36.Bf2 Bh6 37.Qxd5 Bxe3
38.Qf7+ Ng7 39.Bc4 Kh6 40.Qf8  1-0

[Event "8th Amplico AIG Life Rapid"]
[Site "Warsaw POL"]
[Date "2008.12.21"]
[Round "9"]
[White "Wojtaszek,R"]
[Black "Krasenkow,M"]
[Result "1-0"]
[WhiteElo "2599"]
[BlackElo "2624"]

1.c4 e5 2.d3 g6 3.g3 Bg7 4.Bg2 c6 5.Nc3 Ne7 6.f4 d6 7.Nf3 O-O 8.O-O f5 9.c5 exf4
10.cxd6 Qxd6 11.Bxf4 Qc5+ 12.Kh1 Kh8 13.Rc1 Qa5 14.Qb3 Na6 15.Bd6 Qd8 16.Qa3 c5
17.Be5 Bxe5 18.Nxe5 Qd4 19.Nf3 Qb4 20.Qxb4 Nxb4 21.Ne5 Rb8 22.a3 Nbc6  1-0

[Event "8th Amplico AIG Life Rapid"]
[Site "Warsaw POL"]
[Date "2008.12.21"]
[Round "10"]
[White "Fridman,D2"]
[Black "Wojtaszek,R"]
[Result "0-1"]
[WhiteElo "2630"]
[BlackElo "2599"]

1.Nf3 Nf6 2.d3 d5 3.g3 c5 4.Bg2 Nc6 5.O-O Bf5 6.Nbd2 e6 7.c4 Be7 8.b3 O-O
9.Bb2 h6 10.Rc1 Bh7 11.a3 Rc8 12.Re1 d4 13.Qc2 a5 14.Rcd1 e5 15.h3 Ne8 16.e3 Nf6
17.exd4 exd4 18.Ne5 Nxe5 19.Rxe5 Bd6 20.Re2 Qd7 21.Rde1 Rfe8 22.Rxe8+ Rxe8
23.Rxe8+ Qxe8 24.Nf3 b5 25.Kf1 Bf5 26.Bc1 a4 27.bxa4 bxa4 28.g4 Bd7 29.Nh4 Qb8
30.Nf5 Bf4 31.Qb2 Qb3 32.Ke2 Qxb2+ 33.Bxb2 h5 34.Kf3 g5 35.Ke2 hxg4 36.hxg4 Nxg4
37.Ne7+ Kf8 38.Nd5 Ne5 39.Nxf4 gxf4 40.Be4 f3+ 41.Kd2 Bh3 42.Bc1 f5 43.Bd5 Bf1
44.Ke1 Be2 45.Bh6+ Ke7 46.Kd2 Bxd3 47.Bf4 Bxc4 48.Bxe5 Bxd5 49.Bb8 Be4  0-1